=LDR 00000nam 2200000 4500 =001 INLIS000000000050460 =005 20200310092159 =035 ##$$a 0010-0517000113 =007 ta =008 200310################g##########0#ind## =020 ##$$a 978-979-24-0926-0 =082 ##$$a 297.51 =084 ##$$a 297.51 AS- s =100 #$$a As-Salafi, Abu Abdillah Muhammad Luqman Muhammad =245 1#$$a Syarah adabul mufrad jilid 1 /$c Abu Abdillah Muhammad Luqman Muhammad As-Salafi : penerjemah M. Taqdir Arsyad =250 ##$$a Cet. 5 =260 ##$$a Jakarta :$b Griya Ilmu,$c 2016 =300 ##$$a xx, 667 hlm. ; $c 16x24 cm. =650 #4$$a Akhlak =700 #$$a Arsyad, M. Taqdir =990 ##$$a 31700478 =990 ##$$a 31700477